Mapa d'usos del sòl de la província de Barcelona : escala 1: 150000 [Document cartogràfic] / producció: Diputació de Barcelona, Àrea de Cooperació, Institut Cartogràfic de Catalunya escala 1:
Publicado:
Barcelona :
Diputació de Barcelona. Àrea de Cooperació. Oficina Tècnica de Gestió Cartogràfica Local ,
1998
Descripción Física:
1 mapa : col. : escala 1: 150000 ; 96 x 117 cm plegat a 24 x 14 cm
MARC
| LEADER | 00000nam a2200000Ia 4500 | ||
|---|---|---|---|
| 001 | 21404 | ||
| 003 | BGR | ||
| 005 | 20260324180033.0 | ||
| 008 | 160829s1998 xx 000 0 cat d | ||
| 080 | |a FU-39-55 | ||
| 245 | |a Mapa d'usos del sòl de la província de Barcelona : |b escala 1: |b 150000 [Document cartogràfic] / producció: |b Diputació de Barcelona, Àrea de Cooperació, Institut Cartogràfic de Catalunya | ||
| 260 | |a Barcelona : |b Diputació de Barcelona. Àrea de Cooperació. Oficina Tècnica de Gestió Cartogràfica Local, |c 1998 | ||
| 300 | |a 1 mapa : |b col. : |b escala 1: |b 150000 ; |c 96 x 117 cm plegat a 24 x 14 cm | ||
| 590 | |a Inclou informació sobre els espais urbanitzats i els no urbanitzats | ||
| 650 | |a Sòl, Ús del |x Barcelona (Província) |9 44480 | ||
| 650 | 0 | |a Sòl, Ús urbà del |z Barcelona (Província) |9 44481 | |
| 710 | 2 | |a Institut Cartogràfic de Catalunya |9 53041 | |
| 710 | 1 | |a Barcelona (Catalunya : Província). |b Diputació |b Oficina Tècnica de Gestió Cartogràfica Local |9 52408 | |
| 901 | |a Arxiu | ||
| 942 | |n 1 |2 udc |c MON | ||
| 952 | |0 0 |1 0 |4 0 |6 FU3955 |7 1 |9 51960 |a Arxiu |b Arxiu |d 2016-12-01 |l 0 |o FU-39-55 |p 21404 |r 2016-12-01 00:00:00 |w 2016-12-01 |y ARXIU | ||
| 999 | |c 55807 |d 55807 | ||